Normal view MARC view

Entry Topical Term

Number of records used in: 1

001 - CONTROL NUMBER

  • control field: 17237

003 - CONTROL NUMBER IDENTIFIER

  • control field: VITAP

005 - DATE AND TIME OF LATEST TRANSACTION

  • control field: 20260313123116.0

008 - FIXED-LENGTH DATA ELEMENTS

  • fixed length control field: 260313|| aca||babn | a|a d

040 ## - CATALOGING SOURCE

  • Original cataloging agency: VITAP

150 ## - HEADING--TOPICAL TERM

  • Topical term or geographic name entry element: Introduction to Group Discussion, Types of Group Discussions, Structure of a Group Discussion, Communication Skills in GD, Leadership in Group Discussion etc.

Visitor Number: